A companion to qualitative research / (Record no. 165397)

MARC details
000 -LEADER
fixed length control field 00924aam a2200289 a 4500
008 - FIXED-LENGTH DATA ELEMENTS--GENERAL INFORMATION
fixed length control field
020 ## - INTERNATIONAL STANDARD BOOK NUMBER
International Standard Book Number 0761973753 (pbk.)
049 ## - LOCAL HOLDINGS (OCLC)
Holding library MAIN
090 ## - LOCALLY ASSIGNED LC-TYPE CALL NUMBER (OCLC); LOCAL CALL NUMBER (RLIN)
Classification number (OCLC) (R) ; Classification number, CALL (RLIN) (NR) H62
Local cutter number (OCLC) ; Book number/undivided call number, CALL (RLIN) COM
003 - CONTROL NUMBER IDENTIFIER
control field
005 - DATE AND TIME OF LATEST TRANSACTION
control field 20230123134415.0
040 ## - CATALOGING SOURCE
Transcribing agency NUST
245 12 - TITLE STATEMENT
Title A companion to qualitative research /
Statement of responsibility, etc. edited by Uwe Flick, Ernst von Kardorff, and Ines Steinke ; translated by Bryan Jenner.
260 ## - PUBLICATION, DISTRIBUTION, ETC.
Place of publication, distribution, etc. London :
Name of publisher, distributor, etc. Sage Publications,
Date of publication, distribution, etc. 2004.
300 ## - PHYSICAL DESCRIPTION
Extent xiv, 432 p. :
Other physical details ill. ;
Dimensions 25 cm.
500 ## - GENERAL NOTE
General note Includes index.
504 ## - BIBLIOGRAPHY, ETC. NOTE
Bibliography, etc. note Includes bibliographical references.
650 #0 - SUBJECT ADDED ENTRY--TOPICAL TERM
Topical term or geographic name entry element Social sciences
General subdivision Methodology.
650 #0 - SUBJECT ADDED ENTRY--TOPICAL TERM
Topical term or geographic name entry element Qualitative research.
650 #0 - SUBJECT ADDED ENTRY--TOPICAL TERM
Topical term or geographic name entry element Research
General subdivision Methodology.
650 #0 - SUBJECT ADDED ENTRY--TOPICAL TERM
Topical term or geographic name entry element Social sciences
General subdivision Research.
700 1# - ADDED ENTRY--PERSONAL NAME
Personal name Flick, Uwe.
700 1# - ADDED ENTRY--PERSONAL NAME
Personal name Kardorff, Ernst von.
700 1# - ADDED ENTRY--PERSONAL NAME
Personal name Steinke, Ines.
907 ## - LOCAL DATA ELEMENT G, LDG (RLIN)
a .b10237380
b 09-04-18
c 16-03-07
942 ## - ADDED ENTRY ELEMENTS (KOHA)
Koha item type Ordinary Loan Books
Call number prefix H62
Call number suffix COM
Holdings
Date last seen Total Checkouts Full call number Barcode Cost, replacement price Price effective from Koha item type Lost status Source of classification or shelving scheme Damaged status Not for loan Collection Withdrawn status Home library Current library Shelving location Date acquired Cost, normal purchase price
01/23/2023 9 H62 COM 92004002534 80.00 01/23/2023 BOOKS   LCC     NFIC   MAIN MAIN GEN 01/23/2023 80.00